000 01166nam a2200325 i 4500
003 EG-GICUC
005 20260121101453.0
008 251211s2006 ua ||||fr|||| 00| 0 ara d
017 _a2006/7411
020 _a9770498009
040 _a EG-GICUC
_bara
_c EG-GICUC
_d EG-GICUC
_erda
041 0 _aara
082 0 4 _221
_a343.52
_bم ح . د
092 0 4 _221
099 _aLaw1 10 343.52 م ح . د 2006
100 0 _aمحمود سامى قرنى
_eمؤلف.
245 1 0 _aدور القاضي الجنائي في المحكمة الجنائية الدولية /
_cدكتور محمود سامی قرنی.
264 1 _aالقاهرة :
_bدار النهضة العربية :
_c2006.
300 _a156 صفحة ؛
_c24 سم.
336 _2rda content
_atext
337 _2rda media
_aComputer
338 _2rda carrier
_aOnline Resource
504 _a. 143-156 ببليوجرافيا: صفحات
546 _aالنص باللغة العربية
650 1 4 _aالجرائم الدولية
650 1 4 _aالقانون الجنائي
856 4 0 _uhttps://fll.law.cu.edu.eg/fulltext/bks/B10-06669.pdf
905 _a77
_eHassnaa
942 _2ddc
_cBK
_e21
_n0
999 _c49887
_d49887